上下五千年 (Record no. 949)

000 -LEADER
fixed length control field 00484nam a22001937a 4500
003 - CONTROL NUMBER IDENTIFIER
control field MPLRDC
005 - DATE AND TIME OF LATEST TRANSACTION
control field 20220104113615.0
008 - FIXED-LENGTH DATA ELEMENTS--GENERAL INFORMATION
fixed length control field 210129b ||||| |||| 00| 0 eng d
020 ## - INTERNATIONAL STANDARD BOOK NUMBER
International Standard Book Number 7-5347-3519-X
082 ## - DEWEY DECIMAL CLASSIFICATION NUMBER
Classification number 859.61 YSF
100 ## - MAIN ENTRY--PERSONAL NAME
Personal name 于淑芬 主编、刘安利 绘
245 ## - TITLE STATEMENT
Title 上下五千年
Statement of responsibility, etc.
250 ## - EDITION STATEMENT
Edition statement 一版二刷
260 ## - PUBLICATION, DISTRIBUTION, ETC.
Place of publication, distribution, etc. 中国
Name of publisher, distributor, etc. 大象出版社
Date of publication, distribution, etc. 2004
300 ## - PHYSICAL DESCRIPTION
Other physical details 223
490 ## - SERIES STATEMENT
Series statement 大象成长系列
650 ## - SUBJECT ADDED ENTRY--TOPICAL TERM
Topical term or geographic name entry element 儿童文学
942 ## - ADDED ENTRY ELEMENTS (KOHA)
Koha item type Book
-- 859.61 YSF
Holdings
Withdrawn status Lost status Source of classification or shelving scheme Damaged status Not for loan Collection code Home library Current library Shelving location Date acquired Cost, normal purchase price Total Checkouts Full call number Barcode Date last seen Date last checked out Price effective from Koha item type Public note
            Malaysian Public Library, Research and Development Centre Malaysian Public Library, Research and Development Centre   10/12/2007 29.00   859.61 YSF 00000932 17/03/2021 26/05/2017 17/03/2021 Book mplrdc

© 2022. Malaysian Public Library, Research and Development Centre. All Right ReservedE-mailmplrdc@help.edu.my 

Powered by Koha